1 number = 1 capital - Statistics

General Stats
  • This quiz has been taken 24 times
  • The average score is 3 of 15
Answer Stats
Number ... Capital % Correct
2 Popes residing Vatican City
100%
576 Skyscrapers Tokyo
45%
3,640 Altitude (in metres) La Paz
23%
21 710 000 Inhabitants Beijing
18%
23 Letters Sri Jayawardenepura Kotte
18%
-28 Altitude (in metres) Baku
14%
70 Billionaires Moscow
14%
1 Wall separating the capital in half Nicosia
14%
25 947 800 International tourists Bangkok
9%
271 Inhabitants Ngerulmud
9%
183 Foreign embassies Brussels
5%
1617 GDP (in billion dollars) Tokyo
5%
16 808 Area (in sq. km) Beijing
0%
3,862 Murders (in one year) Caracas
0%
46 178 Density (inhab./sq. km) Manila
0%
No matching quizzes found
Score Distribution
Percent of People with Each Score
Percentile by Number Answered
Your Score History
You have not taken this quiz